000 00564nam a2200181 4500
001 113062
003 ES-MaACL
005 20230906185735.0
007 t|
008 061121s1968 sp r ||||1| spa d
100 1 _aMusset, Lucien.
_984693
245 1 4 _aLas invasiones, el segundo asalto contra la Europa cristiana /
_cLucien Musset ; Traducción por Juan Viñoly.
250 _a[1ª ed.].
260 _aBarcelona :
_bLabor,
_c1968.
300 _aXV, 259 p. con 5 map. ;
_c20 cm.
700 1 _aViñoly, Juan.
_9115398
852 _aES-MaACL
_jC-34742
_bR.67011
999 _c113062
_d113062